Plants VS Zombies 1: All Plants! - Statistics

General Stats
  • This quiz has been taken 661 times
  • The average score is 27 of 53
Answer Stats
Day % Correct
Sunflower
98%
Peashooter
97%
Wall-nut
90%
Repeater
83%
Cherry Bomb
81%
Lily Pad
80%
Sun-shroom
78%
Potato Mine
76%
Doom-shroom
75%
Chomper
74%
Puff-shroom
73%
Tall-nut
72%
Cabbage-pult
69%
Threepeater
66%
Snow Pea
64%
Ice-shroom
62%
Scaredy-shroom
62%
Melon-pult
61%
Fume-shroom
60%
Jalapeno
56%
Hypno-shroom
55%
Kernel-pult
54%
Cactus
53%
Squash
53%
Cattail
51%
Grave Buster
50%
Gatling Pea
49%
Twin Sunflower
49%
Plantern
48%
Magnet-shroom
47%
Spikeweed
47%
Torchwood
47%
Blover
46%
Pumpkin
46%
Sea-shroom
46%
Tangle Kelp
41%
Flower Pot
40%
Winter Melon
39%
Coffee Bean
38%
Gloom-shroom
38%
Cob Cannon
37%
Starfruit
35%
Marigold
34%
Split Pea
32%
Spikerock
30%
Garlic
27%
Umbrella Leaf
27%
Imitater
25%
Gold Magnet
24%
Explode-o-nut
11%
Tree of Wisdom
7%
Sprout
6%
Reverse Repeater
4%
No matching quizzes found
Score Distribution
Percent of People with Each Score
Percentile by Number Answered
Your Score History
You have not taken this quiz